Bath builds a greener future for construction materials (Record no. 77542)
[ view plain ]
| 000 -LEADER | |
|---|---|
| fixed length control field | 01133cab a2200205 4500 |
| 001 - CONTROL NUMBER | |
| control field | ##L134500 |
| 008 - FIXED-LENGTH DATA ELEMENTS--GENERAL INFORMATION | |
| fixed length control field | 060811n2006 000 0 eng u |
| 035 ## - SYSTEM CONTROL NUMBER | |
| System control number | (Sirsi) u134500 |
| 041 0# - LANGUAGE CODE | |
| Language code of text/sound track or separate title | eng |
| 110 2# - MAIN ENTRY--CORPORATE NAME | |
| Corporate name or jurisdiction name as entry element | Building Research Establishment |
| 245 00 - TITLE STATEMENT | |
| Title | Bath builds a greener future for construction materials |
| 260 ## - PUBLICATION, DISTRIBUTION, ETC. | |
| Date of publication, distribution, etc. | 2006 |
| 490 #0 - SERIES STATEMENT | |
| Series statement | BRE News Release |
| Volume/sequential designation | 7 August 2006 |
| 520 ## - SUMMARY, ETC. | |
| Summary, etc. | The University of Bath and the BRE have joined together to establish a new research centre, the BRE Centre in Innovative Construction Materials. The centre will promote research into new construction materials, and explore innovative ways of using traditional materials, such as timber and masonry, in modern sustainable building. It will also consider crop-based and natural fibre composite materials, such as hemp, advanced fibre composites, the use of steel, and the use of waste and recycled materials. |
| 590 ## - LOCAL NOTE (RLIN) | |
| Local note | IKA220806 |
| 651 #4 - SUBJECT ADDED ENTRY--GEOGRAPHIC NAME | |
| Geographic name | International |
| 690 ## - LOCAL SUBJECT ADDED ENTRY--TOPICAL TERM (OCLC, RLIN) | |
| Topical term or geographic name as entry element | BUILT ENVIRONMENT-BUILDING MATERIALS |
| 856 40 - ELECTRONIC LOCATION AND ACCESS | |
| Uniform Resource Identifier | <a href="https://www.bre.co.uk/newsdetails.jsp?id=407">https://www.bre.co.uk/newsdetails.jsp?id=407</a> |
| Public note | View the item free of charge at www.bre.co.uk/... |
| 942 ## - ADDED ENTRY ELEMENTS (KOHA) | |
| Suppress in OPAC | 0 |
| Withdrawn status | Lost status | Source of classification or shelving scheme | Damaged status | Not for loan | Home library | Current library | Shelving location | Date acquired | Total Checkouts | Full call number | Barcode | Date last seen | Copy number | Price effective from | Koha item type |
|---|---|---|---|---|---|---|---|---|---|---|---|---|---|---|---|
| Dewey Decimal Classification | Virtual | Virtual | Online | 11/08/2006 | ONLINE PUBLICATION | 134500-1001 | 06/08/2019 | 1 | 06/08/2019 | Journal article |